Alle Berufe von Benjamin Blümchen - Statistiken

Allgemein
  • Dieses Quiz wurde 114 mal gespielt
  • Das Durchschnittsergebnis liegt bei 21 aus 53
Antwortstatistiken
Beruf % Korrekt
Polizist
84%
Feuerwehrmann
78%
Bäcker
75%
Lehrer
75%
Gärtner
62%
Koch
62%
Pilot
60%
Verkäufer
60%
Bauer
57%
Bürgermeister
56%
Tierarzt
54%
Busfahrer
53%
Reporter
53%
Zoodirektor
53%
Kinderarzt
52%
Taxifahrer
52%
Kindergärtner
49%
Bademeister
48%
Sänger
48%
Schauspieler
44%
Clown
43%
Müllmann
43%
Astronaut
42%
Detektiv
39%
Lokomotivführer
38%
Fußballspieler
37%
Eisverkäufer
36%
Ballonfahrer
35%
Briefträger
35%
Förster
35%
Pirat
34%
Weihnachtsmann
33%
Wetterelefant
33%
Apotheker
30%
Baggerfahrer
30%
Ritter
30%
Butler
29%
Cowboy
29%
Leuchtturmwärter
26%
Höhlenforscher
25%
Schornsteinfeger
25%
Sheriff
25%
Bergretter
24%
Gespenst
24%
Fußballtrainer
22%
Rettungselefant
21%
Tankwart
19%
Rallyefahrer
18%
Wikinger
18%
Nachtwächter
17%
Robin Hood
16%
Verkehrsschullehrer
16%
Hotelpage
13%
Keine übereinstimmenden Quizze gefunden
Verteilung der Resultate
Anzahl Personen mit jedem Resultat
Perzentil nach korrekt beantworteten Fragen
Ihre Resultats-Entwicklung
Sie haben dieses Quiz noch nicht gespielt